000 00989nas a2200325 4500
001 BR2012008559
003 BR-BrBNA
005 20231205121512.0
007 ta
008 230509b bl.|||p| |||| 00| 00por d
040 _aBR-BrBNA
_bpor
_cBiblioteca Nacional de Agricultura
041 _a(Pt)
072 _aL01
100 1 _aOsório, J.C. de S.
100 1 _aOsório, M.T.M.
100 1 _aMendonça, G. de
100 1 _aPereira, P.H.
100 1 _aFaria, H.V.
100 1 _aOliveira, N.M. de
245 1 _aMorfologia e características produtivas e comerciais em cordeiros Corriedale castrados e não castrados
650 _aCORDEIRO
650 _aRAÇA
650 _aMORFOLOGIA ANIMAL
650 _aCASTRAÇÃO
650 _aCARCAÇA
650 _aPRODUÇÃO ANIMAL
773 0 _tRevista Brasileira de Agrociência (Brazil)
_xISSN 0104-8996
_g(Apr-Jun 2005), v. 11(2) p. 211-214
_wBR2012008559
909 _a202311
_bLúcia
_c55
_dLúcia Elande
942 _2AGRIS
_n0
_cANA
999 _c223865
_d223865